Borussia Dortmund players since 2000 - Statistics

General Stats
  • This quiz has been taken 161 times
    144 since last reset
  • The average score is 85 of 222
Answer Stats
Ranking Player Positions Nationality Matches Goals Assists Periods % Correct
3 Marco Reus MF, FW 294 120 77 2012-2024
97%
1 Mats Hummels DF 367 30 14 2007-2015, 2019-2024
97%
25 Robert Lewandowski FW 131 74 21 2010-2014
95%
44 Jude Bellingham MF 92 12 15 2020-2023
93%
22 Pierre-Emerick Aubameyang MF, FW 144 98 21 2013-2018
93%
63 Erling Haaland FW 67 62 16 2019-2022
91%
30 Jadon Sancho MF, FW 118 40 47 2017-2020, 2023-2024
91%
16 Mario Götze MF, FW 158 35 36 2009-2012, 2016-2020
91%
2 Roman Weidenfeller GK 349 0 0 2002-2018
89%
32 Gregor Kobel GK 115 0 0 2021-2025
86%
20 Shinji Kagawa MF, FW 148 41 32 2010-2011, 2014-2019
86%
45 Christian Pulisic DF, MF, FW 90 13 16 2015-2019
85%
46 Henrikh Mkhitaryan MF, FW 90 23 28 2013-2016
85%
15 Raphaël Guerreiro DF, MF 162 30 37 2016-2023
85%
14 Roman Bürki GK 176 0 0 2015-2022
85%
6 Łukasz Piszczek DF, MF 264 16 37 2010-2021
84%
21 Emre Can DF, MF 147 15 8 2019-2025
82%
12 Julian Brandt MF, FW 189 36 46 2019-2025
82%
8 Nuri Şahin MF 223 21 28 2005-2006, 2008-2010, 2012-2018
82%
189 Cedric van der Gun MF, FW 3 0 1 2005-2006
81%
81 Marcel Sabitzer DF, MF, FW 51 5 3 2023-2025
81%
11 Neven Subotić DF 196 15 2 2008-2015, 2017-2018
81%
35 Axel Witsel DF, MF 105 10 6 2018-2022
80%
10 Jakub Błaszczykowski MF 197 27 33 2007-2015
80%
7 Marcel Schmelzer DF 258 3 20 2008-2020
80%
51 Nico Schlotterbeck DF 84 6 10 2022-2025
80%
66 Niklas Süle DF 67 3 3 2022-2025
78%
76 Achraf Hakimi DF, MF 54 7 14 2018-2020
77%
29 Manuel Akanji DF, MF 119 4 1 2017-2022
77%
105 Ousmane Dembélé MF, FW 32 6 11 2016-2017
77%
108 Serhou Guirassy FW 30 21 4 2024-2025
77%
34 Gio Reyna MF, FW 106 15 9 2019-2025
76%
36 İlkay Gündoğan MF 105 10 13 2011-2016
76%
107 Pascal Groß DF, MF, FW 30 0 9 2024-2025
76%
48 Thorgan Hazard DF, MF, FW 87 12 17 2019-2024
76%
64 Julian Ryerson DF, MF 67 7 5 2022-2025
74%
96 Paco Alcácer FW 37 23 1 2018-2020
74%
43 Donyell Malen MF, FW 94 30 10 2021-2025
73%
54 Jamie Gittens MF, FW 76 12 8 2021-2025
73%
103 Sébastien Haller FW 33 9 4 2022-2024
73%
75 Thomas Meunier DF, MF 56 3 5 2020-2024
73%
19 Tomáš Rosický MF 149 20 29 2000-2006
73%
60 Karim Adeyemi MF, FW 70 16 12 2022-2025
72%
124 Ciro Immobile FW 24 3 1 2014-2015
70%
13 Kevin Großkreutz DF, FW 176 23 22 2009-2015
68%
85 Ramy Bensebaini DF, MF 48 1 6 2023-2025
68%
72 Salih Özcan MF 60 0 1 2022-2025
68%
71 Thomas Delaney MF 62 4 6 2018-2022
68%
26 Sokratis Papastathopoulos DF 130 7 2 2013-2018
66%
17 Sven Bender DF, MF 158 4 4 2009-2017
66%
4 Sebastian Kehl DF, MF 273 19 11 2001-2015
65%
24 Jan Koller FW 138 59 24 2001-2006
62%
52 Lucas Barrios FW 82 39 6 2009-2012
62%
62 Dan-Axel Zagadou DF 67 4 1 2017-2022
61%
88 Felix Nmecha MF, FW 46 5 3 2023-2025
58%
152 Emre Mor MF, FW 12 1 1 2016-2017
57%
117 Marwin Hitz GK 27 0 0 2018-2022
57%
98 Ömer Toprak DF 35 0 1 2017-2019
57%
65 Matthias Ginter DF, MF 67 3 6 2014-2017
55%
112 Niclas Füllkrug FW 29 12 8 2023-2024
55%
58 Alexander Frei FW 74 34 10 2006-2009
54%
135 Andriy Yarmolenko MF, FW 18 3 3 2017-2018
54%
5 Dedê DF 269 11 32 2000-2011
54%
106 Marc Bartra DF, MF 31 2 1 2016-2018
54%
80 Adrián Ramos FW 52 13 6 2014-2017
53%
41 Felipe Santana DF 95 6 0 2008-2013
53%
91 Ivan Perišić DF, MF, FW 42 9 2 2011-2013
53%
23 Lars Ricken MF, FW 142 26 28 2000-2007
53%
150 Sebastian Rode MF 14 1 0 2016-2017
53%
113 Abdou Diallo DF 28 1 1 2018-2019
50%
176 Alexander Isak FW 5 0 0 2017-2018
49%
110 Maximilian Beier MF, FW 29 8 5 2024-2025
49%
67 Mohamed Zidan FW 66 13 7 2008-2012
49%
120 Waldemar Anton DF, MF 26 2 2 2024-2025
49%
129 Yan Couto DF, MF, FW 21 0 0 2024-2025
49%
68 Erik Durm DF, FW 64 2 4 2013-2017
47%
149 Kevin Kampl MF 14 0 1 2014-2016
47%
123 Steven Pienaar MF 25 0 1 2006-2007
47%
160 Michy Batshuayi FW 10 7 1 2017-2018
46%
132 Anthony Modeste FW 19 2 1 2022-2023
45%
151 Daniel Svensson DF, FW 12 1 3 2024-2025
45%
31 Julian Weigl DF, MF 116 3 0 2015-2020
45%
134 Mitchell Langerak GK 19 0 0 2010-2015
45%
33 Nelson Valdez FW 113 16 8 2006-2010
45%
99 Felix Passlack DF, MF 34 2 0 2015-2017, 2020-2023
43%
37 Mahmoud Dahoud MF 101 4 9 2017-2023
43%
56 Youssoufa Moukoko MF, FW 76 17 3 2020-2024
43%
59 Gonzalo Castro DF, MF 72 6 13 2015-2018
42%
109 Jacob Bruun Larsen MF, FW 29 2 3 2017-2020
42%
50 Jens Lehmann GK 85 0 0 2000-2003
42%
166 Mikel Merino MF, FW 8 0 0 2016-2017
42%
115 Antônio da Silva MF 27 1 2 2010-2012
41%
53 Euzebiusz Smolarek MF, FW 81 25 10 2004-2008
41%
141 Ian Maatsen DF, MF, FW 16 2 2 2023-2024
41%
27 Christoph Metzelder DF 125 2 6 2000-2002, 2004-2007
39%
73 Márcio Amoroso FW 59 28 8 2001-2004
39%
47 Marius Wolf DF, MF, FW 90 5 3 2018-2019, 2021-2024
39%
92 Nico Schulz DF, MF, FW 40 1 2 2019-2022
39%
55 Patrick Owomoyela DF, MF 76 3 7 2008-2012
39%
138 Alexander Meyer GK 17 0 0 2022-2025
38%
102 André Schürrle MF, FW 33 3 8 2016-2018
38%
143 Julien Duranville MF, FW 15 0 0 2022-2025
38%
165 Malte Metzelder DF 8 0 1 2003-2004
38%
118 Reinier MF, FW 27 1 1 2020-2022
38%
128 Mateu Morey DF, MF 21 0 3 2019-2020, 2023-2024
36%
119 Robert Kovač DF 26 0 0 2007-2009
36%
9 Christian Wörns DF 214 13 6 2000-2008
35%
95 Maximilian Philipp MF, FW 38 10 2 2017-2019
35%
111 Mladen Petrić FW 29 13 2 2007-2008
35%
87 Torsten Frings MF 47 10 4 2002-2004
35%
157 Carney Chukwuemeka MF, FW 10 1 0 2024-2025
34%
97 Julian Schieber FW 35 3 0 2012-2014
34%
170 Leonardo Balerdi DF 7 0 0 2019-2020
34%
131 Miloš Jojić MF 20 4 1 2013-2015
34%
202 Sergio Gómez DF, MF, FW 2 0 0 2017-2018
34%
28 Ewerthon FW 119 47 15 2001-2005
32%
84 Jürgen Kohler DF 50 0 2 2000-2002
32%
156 Manuel Friedrich DF 11 1 0 2013-2014
32%
40 Tinga MF 98 9 10 2006-2010
32%
174 Adnan Januzaj MF, FW 6 0 2 2015-2016
30%
139 Marin Pongračić DF 17 0 0 2021-2022
30%
61 Philipp Degen DF, FW 68 1 4 2005-2008
30%
93 Diego Klimowicz FW 38 6 1 2007-2009
28%
94 Jonas Hofmann MF, FW 38 3 6 2012-2016
28%
83 Tamás Hajnal MF 51 5 10 2008-2010
28%
178 Antonios Papadopoulos DF, MF 5 0 0 2021-2024
27%
57 David Odonkor MF, FW 75 2 6 2001-2007
27%
18 Florian Kringe DF, MF 151 17 11 2004-2008, 2011-2012
27%
82 Moritz Leitner MF 51 0 3 2011-2012, 2015-2016
27%
137 Oliver Kirch DF, MF 18 1 1 2012-2015
27%
78 Otto Addo MF 53 9 7 2000-2005
27%
214 Koray Günter DF 1 0 0 2013-2014
26%
184 Cole Campbell MF, FW 4 0 0 2024-2025
24%
70 Delron Buckley MF, FW 62 1 2 2005-2006, 2007-2009
24%
39 Marc-André Kruska MF 98 2 1 2004-2009
24%
159 Kevin-Prince Boateng MF, FW 10 0 1 2008-2009
23%
197 Marian Sarr DF 2 0 0 2013-2014
23%
79 Sunday Oliseh DF, MF 53 1 2 2000-2002, 2004-2005
23%
38 Evanílson DF, FW 98 4 11 2000-2005
22%
42 Stefan Reuter DF, MF 95 0 3 2000-2004
22%
187 Tom Rothe DF, MF 4 1 0 2021-2023
22%
179 Leonardo Bittencourt MF, FW 5 1 1 2012-2013
20%
175 Marvin Ducksch FW 6 0 0 2013-2014
20%
186 Kjell-Arik Wätjen MF, FW 4 0 1 2023-2025
19%
49 Markus Brzenska DF 86 6 0 2003-2008
19%
90 Niclas Jensen DF 43 2 5 2003-2005
19%
154 Dimitar Rangelov MF, FW 11 1 0 2009-2011
18%
145 Steffen Tigges MF, FW 15 3 0 2020-2022
18%
161 Ansgar Knauff DF, MF 9 1 1 2020-2022
16%
133 Antonio Rukavina DF 19 0 0 2007-2009
16%
168 Chris Löwe DF, MF 7 0 0 2011-2012
16%
116 Fredi Bobic FW 27 10 1 2000-2002
16%
142 Jeremy Toljan DF, MF 16 1 2 2017-2018
16%
69 Jörg Heinrich DF, MF 63 6 6 2000-2003
16%
140 Matthew Amoah FW 17 0 0 2005-2007
16%
220 Soumaïla Coulibaly DF 1 0 0 2022-2023
16%
104 Giovanni Federico MF 32 4 6 2007-2009
15%
136 Lee Young-pyo DF 18 0 1 2008-2009
15%
193 Yannik Lührs DF 3 0 0 2024-2025
15%
185 Damien Le Tallec DF, MF 4 0 0 2009-2010
14%
74 Giuseppe Reina FW 57 12 5 2000-2004
14%
211 Immanuel Pherai MF, FW 1 0 0 2021-2022
14%
127 Marc Ziegler GK 23 0 0 2007-2010
14%
101 Martin Amedick DF 34 2 1 2006-2008
14%
172 Park Joo-ho DF, MF 7 0 0 2015-2017
14%
114 André Bergdølmo DF 27 0 0 2003-2005
12%
164 Daniel Gordon DF, MF 8 0 0 2006-2008
12%
100 Guy Demel DF, MF 34 0 3 2002-2005
12%
122 Heiko Herrlich FW 25 7 0 2000-2003
12%
148 Juan Fernández DF, MF 14 0 2 2002-2004
12%
86 Miroslav Stević MF 47 7 8 2000-2002
12%
89 Salvatore Gambino MF, FW 45 5 4 2003-2006
12%
173 Sebastian Tyrała MF 7 0 0 2006-2008
12%
183 Uwe Hünemeier DF 5 0 0 2005-2006, 2008-2010
12%
77 Ahmed Reda Madouni DF 54 3 0 2001-2005
11%
205 Bálint Bajner FW 1 0 0 2012-2013
11%
207 Dženis Burnić MF 1 0 0 2016-2017
11%
121 Guillaume Warmuz GK 25 0 0 2003-2005
11%
195 Julian Koch DF, MF 2 0 0 2009-2010
11%
196 Lennard Maloney MF 2 0 0 2021-2022
11%
216 Marco Pašalić MF 1 0 0 2022-2023
11%
171 Marco Stiepermann MF, FW 7 1 0 2009-2011
11%
144 Markus Feulner MF 15 0 0 2009-2011
11%
217 Mitsuru Maruoka MF 1 0 0 2014-2015
11%
201 Samuel Bamba MF, FW 2 0 0 2023-2024
11%
163 Victor Ikpeba FW 9 1 1 2000-2001
11%
192 Jeremy Dudziak DF, MF, FW 3 0 1 2014-2015
9%
155 Kosi Saka DF, MF 11 0 0 2005-2007
9%
177 Almugera Kabar DF 5 0 0 2024-2025
8%
147 Flávio Conceição MF 14 1 1 2003-2004
8%
162 Ibrahim Tanko FW 9 0 0 2000-2001
8%
212 Joe Gyau DF, FW 1 0 0 2014-2015
8%
126 Sahr Senesie MF, FW 24 0 0 2003-2004, 2007-2008
8%
221 Tobias Raschl MF 1 0 0 2019-2020
8%
203 Alexander Bade GK 1 0 0 2007-2008
7%
188 Bajram Sadrijaj FW 3 0 0 2008-2009
7%
130 Christian Nerlinger MF 20 1 0 2000-2001
7%
190 Christopher Nöthe MF, FW 3 0 0 2007-2008
7%
158 Dennis Gentenaar GK 10 0 0 2005-2006
7%
125 Jan-Derek Sørensen MF, FW 24 0 0 2000-2002
7%
153 Leandro MF 12 2 0 2002-2004
7%
215 Lion Semić DF 1 0 0 2021-2022
7%
198 Mehmet Akgün DF, FW 2 0 0 2004-2005, 2007-2008
7%
219 Patrick Kohlmann DF 1 0 0 2004-2005
7%
146 Alfred Nijhuis DF 14 0 0 2000-2001
5%
204 Ayman Azhil MF 1 0 0 2024-2025
5%
206 Christian Eggert MF 1 0 0 2007-2008
5%
169 Christopher Kullmann FW 7 0 0 2008-2009
5%
194 Franck Njambe MF 2 0 0 2007-2008
5%
213 Justin Njinmah MF, FW 1 0 0 2022-2023
5%
180 Marcel Höttecke GK 5 0 0 2007-2008
5%
199 Nizamettin Çalışkan MF 2 0 0 2005-2006
5%
200 Ole Pohlmann MF 2 0 0 2023-2024
5%
182 Sead Kapetanović DF, MF 5 0 0 2000-2001
5%
222 Yasin Öztekin MF 1 0 0 2008-2009
5%
209 Francis Bugri MF 1 0 0 2001-2002
4%
210 Hendry Blank DF 1 0 0 2023-2024
4%
181 Marcus Steegmann FW 5 0 0 2004-2006
4%
218 Nico Hillenbrand DF 1 0 0 2007-2008
4%
167 Philipp Laux GK 8 0 0 2000-2002
4%
191 Emmanuel Krontiris FW 3 0 1 2000-2001
3%
208 Florian Thorwart DF 1 0 0 2002-2003
3%
No matching quizzes found
Score Distribution
Percent of People with Each Score
Percentile by Number Answered
Your Score History
You have not taken this quiz since the last reset